000 00583nam a2200193Ia 4500
003 OSt
005 20200813110322.0
008 190216s9999||||xx |||||||||||||| ||und||
020 _a9788131727102
040 _coclc
082 _a547.072
_bMAN/P
100 _aMann, Frederick George
_94095
245 0 _aPractical Organic Chemistry /
_cFrederick George Mann ; B C Saunders
250 _a4th Ed.
260 _bPearson Education Asia,
_c2011.
_aNew Delhi:
300 _a587p
650 _aOrganic Chemistry
942 _cBK
_2ddc
_h547.072
_iMAN/P
_k547.072
_mMAN/P
999 _c3547
_d3547